Mots par définition #14 - Armes blanches - Statistiques

Statistiques générales
  • Ce quiz a été pris 228 fois
  • Le résultat moyen est 8 sur 15
Statistiques - réponses
Genre Définition Arme blanche % Correct
Nom Féminin Long tuyau à l'aide duquel on lance, en soufflant, de petits projectiles. Sarbacane
77%
Nom Masculin Arme blanche, droite ou recourbée, qui ne tranche que d'un côté. Sabre
74%
Nom Féminin Arme de jet formée d'une hampe de bois, armée d'une pointe à un bout, le plus souvent d'un empennage à l'autre, et qui se lance avec l'arc ou l'arbalète. Flèche
70%
Nom Masculin Arme de jet des aborigènes d'Australie, faite d'une lame de bois courbée, capable en tournant sur elle-même de revenir en direction de son point de départ. Boomerang
68%
Nom Masculin Hache de guerre des Indiens d'Amérique du Nord. Tomahawk
67%
Nom Masculin Instrument fait d'une corde ou d'une lanière de cuir attachée à un manche, pour conduire ou exciter certains animaux (ceux de trait, en particulier). Fouet
60%
Nom Féminin Sorte de petite épée qui s'adapte au bout du fusil. Baïonnette
58%
Nom Masculin Arme traditionnelle japonaise de lancer. Shuriken
55%
Nom Féminin Arme d'hast, à fer pointu et tranchant, en usage du XIVème au XVIIème siècle (elle est portée encore aujourd'hui par la garde suisse et en service d'honneur dans la marine). Hallebarde
46%
Nom Masculin Petit couteau de poche, composé d'une ou de plusieurs lames repliables. Canif
45%
Nom Féminin Instrument contondant, fait d'un cylindre de caoutchouc souvent armé de fer, utilisé pour assommer quelqu'un. Matraque
43%
Nom Féminin Bâton noueux qui servit d'arme contondante de l'Antiquité jusqu'au XVIème siècle. Massue
36%
Nom Masculin Lourd javelot à pointe aiguë, utilisé comme pique ou, plus souvent, comme arme de jet par l'infanterie romaine. Pilum
29%
Nom Féminin Grande épée que les guerriers écossais maniaient à deux mains (XIVème -XVIème siècle). Claymore
21%
Nom Féminin Canne à épée. Canne-épée
12%
Aucun quiz correspondant
Distribution des résultats
% des personnes avec chaque résultat
Percentile par nombre de réponses
Votre historique - résultats
Vous n’avez pas pris ce quiz